| 000 | 00773nam a2200265Ia 4500 | ||
|---|---|---|---|
| 003 | OSt | ||
| 005 | 20220925204950.0 | ||
| 006 | a|||||r|||| 00| 0 | ||
| 007 | ta | ||
| 008 | 220923b |||||||| |||| 00| 0 eng d | ||
| 020 | _a9027977399 | ||
| 037 | _cGeneral Book | ||
| 040 |
_aRTL _cRTL _beng |
||
| 041 |
_2eng _aeng |
||
| 082 | _aY7.1.N7, L5 | ||
| 100 |
_aArnott Margaret L _9269326 |
||
| 245 | 0 |
_aGastronomy _b The anthropology of food and food habits |
|
| 260 |
_aHague _bMouton Publishers _c1975 |
||
| 300 |
_axv, 354p _ccm. |
||
| 490 | _aWorld Anthropology, Ed by Sol Tax | ||
| 500 | _aBibliography chapterwise; Index:P351-54 | ||
| 650 | _aRace | ||
| 942 |
_hY7.1.N7, L5 _cGB _2CC |
||
| 999 |
_c550849 _d550849 |
||